000 00620nam a22002057a 4500
003 0
005 20160609165256.0
008 100111t xxu||||| |||| 00| 0 eng d
037 _aM15441
_bBIBLIO
040 _aUAC
_bF
_cEPAC
082 _a27.IM/AGO
100 _aAgoh,Biohva Y.
_92712
245 _aÉtude comparative de la technique de coloration au MGG et au R.A.L.555 pour le diagnostic parasitologique du paludisme
260 _aABOMEY-CALAVI
_bEPAC-UAC
_c2008
300 _aI-39p
_c29 cm
650 _aPALUDISME
_92713
650 _a COLORATION
_92713
700 _aOketokou, Sèmiatou A.
_92714
942 _cTHE
999 _c46701
_d46701